| 000 | 01257cam a2200229 4500 | ||
|---|---|---|---|
| 001 | ABS63266 | ||
| 008 | 000000n2000 000 0 eng u | ||
| 035 | _a(Sirsi) u110152 | ||
| 100 | _aMartin, J | ||
| 245 | _aBCIS provides pre-contract cost management advice | ||
| 260 | _c2000 | ||
| 490 |
_aCSM (Chartered Surveyor Monthly) _vNovember / December 2000, 30-31(2) |
||
| 520 | _aThe director of BCIS explains how this RICS service is able to assist in making the complicated process of cost planning easier by using different types of information as the design develops. Pre-contract cost management is seen as a QS function but control of costs should be achieved by the whole team, including the client and therefore should be seen as a management issue not just a technical role. The BCIS database has details of thousands of projects which can be used, updated and adapted for cost planning. They can also be searched and adapted by a range of criteria and be downloaded for further manipulation and presentation by the surveyor. | ||
| 590 | _aABS | ||
| 650 | _aCOST PLANNING | ||
| 650 | _aQUANTITY SURVEYORS | ||
| 650 | _aBCIS | ||
| 650 | _aCOST INFORMATION | ||
| 650 | _aBCIS | ||
| 690 | _aBUILT ENVIRONMENT-BUILDING COSTS | ||
| 942 | _n0 | ||
| 999 |
_c65688 _d65688 |
||